000 00689nam a2200217Ia 4500
001 6723
003 GE_BSU
008 181216s||||||||xx |||||||||||||| ||und||
040 _cGE_BSU
080 _a821.353.1-1
100 _aგელაძე,ლევან.
245 _aმზე მამულში.
245 _bლექსები და პოემები.
245 _cრედ:ნ.ნოღაიდელი.
260 _aბათუმი.
260 _bსახელმწიფო გამომცემლობა.
260 _c1961.
300 _a202გვ;20სმ.
653 _aლექსები და პოემები.
942 _cBK
999 _c40117
_d40117